| 000 | 00533cam a2200181 a 4500 | ||
|---|---|---|---|
| 020 | _a0534921302 | ||
| 082 | 0 | 0 |
_a624.15136 _bDAS _cl-37, p-195 |
| 100 | 1 |
_aDas, Braja M., _923492 |
|
| 245 | 1 | 0 |
_aPrinciples of geotechnical engineering / _cBraja M. Das. |
| 250 | _a2nd ed. | ||
| 260 |
_aBoston : _bPWS-Kent Pub. Co., _cc1990. |
||
| 300 |
_axiv, 665 p. : _bill. ; _c24 cm. |
||
| 526 |
_a0 _b0 _c0 _d624_151360000000000_DAS |
||
| 650 | 0 | _aGeotechnical engineering. | |
| 650 | 0 |
_aMCE _9379 |
|
| 650 | 0 | _aSoil mechanics. | |
| 942 |
_2ddc _cBK |
||
| 999 |
_c546423 _d546423 |
||